000 00561nam a2200181Ia 4500
003 GCL
008 140319s9999 xx 000 0 ara d
040 _aGCL /
_cGCL
082 0 4 _a658
_bع م
100 1 _aعبدالفتاح الصحن
245 1 0 _aالمبادئ المحاسبية بين النظرية والتطبيق /
_cعبدالفتاح الصحن
260 _a[S.N] :
_bمؤسسة شباب الجامعة
300 _a693 ص
490 _a
650 0 4 _aالمحاسبة
650 0 4 _aالمحاسبة طرق التدريس
942 _2ddc
_cBK
999 _c57662
_d57662